MARC

LEADER 00000nam0a2200000 4500
001 283648
005 20231101235622.0
020 |a RU  |b 80-23534 
035 |a (RuTPU)RU\TPU\book\307771 
090 |a 283648 
100 |a 20150209d1980 k y0rusy5003 ca 
101 0 |a rus 
102 |a RU 
105 |a a z 001zy 
200 1 |a Планирование производственной деятельности геологоразведочных экспедиций  |f А. Д. Булгаков, П. М. Моссур, В. Е. Тищенко 
210 |a Москва  |c Недра  |d 1980 
215 |a 221 с.  |c ил. 
320 |a Библиогр.: с. 217-220 
606 1 |a Геологоразведочные работы  |x Планирование  |2 stltpush  |3 (RuTPU)RU\TPU\subj\6143  |9 34099 
610 1 |a полезные ископаемые 
610 1 |a запасы 
610 1 |a планирование 
610 1 |a поисковые работы 
610 1 |a геофизические работы 
610 1 |a разведочные работы 
610 1 |a гидрогеологические работы 
610 1 |a труд 
610 1 |a прибыль 
610 1 |a себестоимость 
610 1 |a эффективность 
675 |a 550.8.02:658.51  |v 4 
700 1 |a Булгаков  |b А. Д.  |g Алексей Дмитриевич  |4 070 
701 1 |a Моссур  |b П. М.  |g Петр Митрофанович 
701 1 |a Тищенко  |b В. Е.  |g Виктор Елисеевич 
801 0 |a RU  |b RuMRKP  |c 19950704  |g psbo 
801 1 |a RU  |b 63413507  |c 20150209 
801 2 |a RU  |b 63413507  |c 20180216  |g RCR 
942 |c BK